000
00203 a2200097 4500
001
57493
100
_a
245
_a
Taubat ul nasooh
260
_a
Lahore
_b
Alfaisal Pub Co
_c
1995
090
_c
35223
_d
35223
942
_a
NUST-CAE
_c
_c
28029
999
_c
292566
_d
292566